| 000 | 01113nam a2200289 4500 | ||
|---|---|---|---|
| 001 | 178335 | ||
| 003 | ES-MaACL | ||
| 005 | 20250722063155.0 | ||
| 008 | 110525s2009 sp |||| |bspa d | ||
| 020 | _a978-84-9895-114-1 | ||
| 080 | _a821.134.2 Valera, Juan 1.07 | ||
| 080 | _a305-055.2(0:82) | ||
| 100 |
_aSánchez García, Remedios, _d1975- _9239190 |
||
| 245 | 1 | 0 |
_aValera, ingenio y mujer : _bel imaginario femenino en las novelas de Juan Valera / _cRemedios Sánchez García. |
| 260 |
_aMadrid : _bVisor Libros, _c[2009] |
||
| 300 |
_a399 p. ; _c21 cm. |
||
| 490 | 1 |
_aBiblioteca filológica hispana ; _v114 |
|
| 504 | _aBibliografía: p. [374]-399. | ||
| 600 | 1 | 7 |
_aValera, Juan, _d1824-1905- _xPersonajes femeninos _2 _9146719 |
| 600 | 1 | 4 |
_aValera, Juan, _d1824-1905- _xCrítica e interpretación _9112641 |
| 650 | 7 |
_aMujeres- _xEn la literatura. _915271 |
|
| 830 | 1 |
_aBiblioteca filológica hispana ; _v114 _9179654 |
|
| 852 | 1 |
_aES-MaACL _9185194 _bR.145624 _jA-11245 _cDEPO1 _dOlim: N-4249 |
|
| 942 |
_2udc _cMONOGRAFIA |
||
| 999 |
_c178335 _d178335 |
||